| 000 | 01542cab a2200337 4500 | ||
|---|---|---|---|
| 001 | ABS42368 | ||
| 008 | 090401t1990 xxu||||| |||| 00| 0 eng d | ||
| 035 | _a(Sirsi) u36396 | ||
| 041 | _aeng | ||
| 100 | _aMcLoughlin, P. | ||
| 245 | _aCommercial purpose of rent reviews | ||
| 260 | _c1990 | ||
| 350 | _a0 | ||
| 490 |
_aRent Review & Lease Renewal _v10(2) 1990, 122-128(7) |
||
| 520 | _aReviews recent case law on rent review clauses in leases which provide conveyancers with greater guidance on drafting leases and surveyors with information on valuation . The general theme is that problems of construction in these clauses should be resolved by reference to the underlying commercial purpose of the clause, which is to reflect changes in rental values . (Based on journal abstract) | ||
| 650 | _aBASINGSTOKE AND DEANE BC V HOST GROUP LTD | ||
| 650 | _aBRITISH GAS CORPORATION V UNIVERSITY SUPERANNUATION | ||
| 650 | _aEQUITY AND LAW LIFE ASSURANCE V BODFIELD | ||
| 650 | _aGIANNOUKAKIS V SALTFLEET | ||
| 650 | _aGLOFIELD PROPERTIES LTD V MORLEY NO 2 | ||
| 650 | _aHYPOTHETICAL LEASE | ||
| 650 | _aIPSWICH TOWN FOOTBALL CLUB CO LTD V IPSWICH BC | ||
| 650 | _aLYNTHORPE ENTERPRISES LTD V SIDNEY SMITH CHELSEA LTD | ||
| 650 | _aRAVENSEFT PROPERTIES LTD V PARK | ||
| 650 | _aRITZ HOTEL LONDON LTD V RITZ CASINO LTD | ||
| 650 | _aTRUSTHOUSE FORTE ALBANY HOTELS LTD V DAEJAN INVESTMENTS LTD NO 2 | ||
| 650 | _aWALLACE V MCMULLEN | ||
| 690 | _aLANDLORD AND TENANT-RENT REVIEWS | ||
| 942 | _n0 | ||
| 948 | _c04/03/1997 | ||
| 999 |
_c23653 _d23653 |
||